| 000 | nam a22 7a 4500 | ||
|---|---|---|---|
| 999 |
_c129304 _d129304 |
||
| 008 | 190329b xxu||||| |||| 00| 0 eng d | ||
| 020 | _a9780801864964 | ||
| 050 | _aD804.348.L34 2001 | ||
| 100 |
_aLaCapra, Dominick _945529 |
||
| 245 |
_aWriting history,writing trauma _c/ by Domick LaCapra |
||
| 260 |
_aBaltimore: _bThe Johns Hopekins University Press, _c2001 |
||
| 300 |
_axvi, 226p. ; _c22cm. |
||
| 650 |
_aHolocaust, Jewish (1939-1945) _xhistoriography _945530 |
||
| 650 |
_aHolocaust, Jewish (1939-1945) _xpersonal narratives _xhistory and critiscim _945531 |
||
| 650 |
_aHolocaust, Jewish (1939-1945) _xpsychological aspects _937590 |
||
| 650 | _2Psychic trauma | ||
| 942 |
_2lcc _cMONOGRAPH |
||